Central Library OPAC University of Rajshahi

Understanding business and finance / (Record no. 60764)

MARC details
000 -LEADER
fixed length control field 00671nam a2200241 a 4500
001 - CONTROL NUMBER
control field 60764
003 - CONTROL NUMBER IDENTIFIER
rucl marc code BD-RJUL
005 - DATE AND TIME OF LATEST TRANSACTION
control field 20211209080859.0
008 - FIXED-LENGTH DATA ELEMENTS--GENERAL INFORMATION
fixed length control field 170102s1994 enk 001 0 eng d
020 ## - INTERNATIONAL STANDARD BOOK NUMBER
International Standard Book Number 1858050790
035 ## - SYSTEM CONTROL NUMBER
System control number (BD-RJUL)60888
040 ## - CATALOGING SOURCE
Modifying agency BD-RJUL
082 ## - DEWEY DECIMAL CLASSIFICATION NUMBER
Classification number 658.15
Edition number 23
Author mark and year UND 1994
245 00 - TITLE STATEMENT
Title Understanding business and finance /
Statement of responsibility, etc. Jill Hussey [et...]
250 ## - EDITION STATEMENT
Edition statement 2nd ed
260 ## - PUBLICATION, DISTRIBUTION, ETC. (IMPRINT)
Place of publication, distribution, etc. London :
Name of publisher, distributor, etc. DP Publications,
Date of publication, distribution, etc. 1994
300 ## - PHYSICAL DESCRIPTION
Pagination vii, 382 p. :
Illustrations ill. ;
Size 28 cm.
500 ## - GENERAL NOTE
General note Includes index
650 #0 - SUBJECT ADDED ENTRY--TOPICAL TERM
Topical term or geographic name as entry element Corporations
General subdivision Finance.
9 (RLIN) 175109
Topical term or geographic name as entry element Business
Source of heading or term Management
9 (RLIN) 175150
700 1# - ADDED ENTRY--PERSONAL NAME
Personal name Hussey, Jill
942 ## - ADDED ENTRY ELEMENTS (KOHA)
Source of classification or shelving scheme Dewey Decimal Classification
Koha item type Books
Holdings
Lost status Source of classification or shelving scheme Damaged status Not for loan Collection code Permanent Location Current Location Shelving location Date acquired Source of acquisition Cost, normal purchase price Total Checkouts Full call number Date last seen Copy number Koha item type
  Dewey Decimal Classification   Not For Loan Non-fiction Central Library, University of Rajshahi Central Library, University of Rajshahi Reading Room 09/05/2007 Dhaka, Paragon Enterpries Ltd. 9.95   658.15 UND 1994 02/01/2017 C-1 Books